[Event "1SM"]
[Site "Sharjah Chess Club"]
[Date "2017.03.31"]
[Round "9.33"]
[White "Aditya, Mittal"]
[Black "Neverov, Valeriy"]
[Result "1-0"]
[BlackElo "2477"]
[WhiteElo "2183"]
[LiveChessVersion "1.4.8"]

1. d4 {[%clk 1:40:49]} Nf6 {[%clk 1:40:36]} 2. c4 {[%clk 1:41:12]} g6
{[%clk 1:40:55]} 3. Nc3 {[%clk 1:41:29]} Bg7 {[%clk 1:41:19]} 4. e4
{[%clk 1:41:41]} d6 {[%clk 1:41:46]} 5. Be2 {[%clk 1:41:58]} O-O {[%clk 1:42:07]}
6. Nf3 {[%clk 1:42:21]} e5 {[%clk 1:41:42]} 7. O-O {[%clk 1:42:40]} Na6
{[%clk 1:39:42]} 8. d5 {[%clk 1:41:31]} Nc5 {[%clk 1:37:34]} 9. Qc2
{[%clk 1:41:39]} a5 {[%clk 1:37:54]} 10. Bg5 {[%clk 1:40:45]} h6 {[%clk 1:36:26]}
11. Be3 {[%clk 1:41:01]} b6 {[%clk 1:08:46]} 12. Nd2 {[%clk 1:41:20]} Bd7
{[%clk 1:06:38]} 13. b3 {[%clk 1:36:38]} c6 {[%clk 1:04:00]} 14. dxc6
{[%clk 1:27:57]} Bxc6 {[%clk 1:04:14]} 15. Rfd1 {[%clk 1:27:40]} Rc8
{[%clk 1:02:18]} 16. a3 {[%clk 1:21:49]} Ne6 {[%clk 1:01:15]} 17. Nf1
{[%clk 1:03:20]} Nd4 {[%clk 0:59:13]} 18. Rxd4 {[%clk 1:01:26]} exd4
{[%clk 0:59:19]} 19. Bxd4 {[%clk 1:01:53]} Re8 {[%clk 0:48:13]} 20. f3
{[%clk 0:56:15]} b5 {[%clk 0:47:00]} 21. Qd2 {[%clk 0:50:24]} bxc4
{[%clk 0:42:53]} 22. bxc4 {[%clk 0:50:17]} Nh5 {[%clk 0:38:59]} 23. Ne3
{[%clk 0:39:44]} Qg5 {[%clk 0:36:50]} 24. Bf1 {[%clk 0:35:00]} Nf4
{[%clk 0:32:54]} 25. Bxg7 {[%clk 0:32:57]} Kxg7 {[%clk 0:31:53]} 26. g3
{[%clk 0:31:57]} Ne6 {[%clk 0:29:30]} 27. Rd1 {[%clk 0:29:52]} Qc5
{[%clk 0:28:31]} 28. Kh1 {[%clk 0:27:45]} Qxa3 {[%clk 0:26:32]} 29. Bg2
{[%clk 0:22:23]} Rb8 {[%clk 0:22:47]} 30. Nc2 {[%clk 0:21:19]} Qc5
{[%clk 0:22:27]} 31. f4 {[%clk 0:21:18]} Qxc4 {[%clk 0:16:15]} 32. f5
{[%clk 0:19:58]} Ng5 {[%clk 0:15:42]} 33. Ne3 {[%clk 0:17:00]} Qc5
{[%clk 0:13:38]} 34. fxg6 {[%clk 0:09:35]} fxg6 {[%clk 0:13:52]} 35. Ng4
{[%clk 0:09:31]} Bd7 {[%clk 0:08:07]} 36. Ne3 {[%clk 0:08:05]} Be6
{[%clk 0:08:09]} 37. h4 {[%clk 0:06:21]} Nf7 {[%clk 0:08:26]} 38. Ncd5
{[%clk 0:05:46]} Rec8 {[%clk 0:02:30]} 39. h5 {[%clk 0:03:29]} Bxd5
{[%clk 0:01:47]} 40. Nxd5 {[%clk 0:02:59]} Ne5 {[%clk 0:00:41]} 41. Nf4
{[%clk 0:02:01]} Re8 {[%clk 0:00:35]} 42. Rc1 {[%clk 0:01:34]} Qa7
{[%clk 0:00:34]} 43. Qxd6 {[%clk 0:01:21]} Rb7 {[%clk 0:00:39]} 44. hxg6
{[%clk 0:01:07]} Qb6 {[%clk 0:00:49]} 45. Nh5+ {[%clk 0:01:07]} Kh8
{[%clk 0:00:33]} 46. Qxe5+ {[%clk 0:01:08]} 1-0

[Event "1SM"]
[Site "Sharjah Chess Club"]
[Date "2017.03.31"]
[Round "9.35"]
[White "Pascua, Haridas"]
[Black "Saeed, Ishaq"]
[Result "1/2-1/2"]
[BlackElo "2312"]
[WhiteElo "2440"]
[LiveChessVersion "1.4.8"]

1. d4 {[%clk 1:40:43]} Nf6 {[%clk 1:40:27]} 2. c4 {[%clk 1:40:43]} e6
{[%clk 1:40:50]} 3. Nf3 {[%clk 1:40:45]} b6 {[%clk 1:41:12]} 4. g3
{[%clk 1:40:59]} Bb7 {[%clk 1:41:35]} 5. Bg2 {[%clk 1:41:00]} Be7
{[%clk 1:41:54]} 6. O-O {[%clk 1:39:58]} O-O {[%clk 1:42:15]} 7. Nc3
{[%clk 1:31:52]} Ne4 {[%clk 1:36:36]} 8. Qc2 {[%clk 1:30:53]} Nxc3
{[%clk 1:35:36]} 9. bxc3 {[%clk 1:30:41]} f5 {[%clk 1:30:42]} 10. d5
{[%clk 1:27:25]} Qc8 {[%clk 1:20:17]} 11. e4 {[%clk 1:15:55]} c6 {[%clk 1:19:02]}
12. Nd4 {[%clk 1:10:59]} cxd5 {[%clk 1:17:19]} 13. cxd5 {[%clk 1:09:29]} Bf6
{[%clk 1:13:47]} 14. Be3 {[%clk 1:03:49]} Na6 {[%clk 1:13:57]} 15. Rfd1
{[%clk 1:00:13]} Nc5 {[%clk 1:08:50]} 16. exf5 {[%clk 0:57:58]} Bxd5
{[%clk 1:05:32]} 17. Bxd5 {[%clk 0:55:45]} exd5 {[%clk 1:06:01]} 18. Rac1
{[%clk 0:54:09]} d6 {[%clk 0:58:47]} 19. Nb5 {[%clk 0:46:02]} a6 {[%clk 0:58:51]}
20. Na3 {[%clk 0:43:33]} Qc6 {[%clk 0:56:10]} 21. c4 {[%clk 0:42:42]} d4
{[%clk 0:56:15]} 22. Bxd4 {[%clk 0:41:54]} Bxd4 {[%clk 0:56:24]} 23. Rxd4
{[%clk 0:42:17]} Qf3 {[%clk 0:56:41]} 24. Qc3 {[%clk 0:32:23]} Qxf5
{[%clk 0:48:42]} 25. Rf1 {[%clk 0:31:51]} Rae8 {[%clk 0:48:34]} 26. Nb1
{[%clk 0:26:23]} Ne6 {[%clk 0:42:31]} 27. Rd5 {[%clk 0:24:38]} Qh3
{[%clk 0:40:05]} 28. Qd2 {[%clk 0:20:15]} h6 {[%clk 0:15:25]} 29. f4
{[%clk 0:19:10]} Nc5 {[%clk 0:09:45]} 30. Nc3 {[%clk 0:19:35]} Rf6
{[%clk 0:03:09]} 31. f5 {[%clk 0:15:56]} Kh8 {[%clk 0:00:35]} 32. Qf4
{[%clk 0:15:17]} Ne6 {[%clk 0:00:33]} 33. Qxd6 {[%clk 0:08:34]} Nd4
{[%clk 0:00:57]} 34. Qf4 {[%clk 0:04:27]} Re2 {[%clk 0:00:44]} 35. Rf2
{[%clk 0:04:52]} Re1+ {[%clk 0:01:05]} 36. Rf1 {[%clk 0:05:18]} Re2
{[%clk 0:01:28]} 37. Rf2 {[%clk 0:05:44]} Re1+ {[%clk 0:00:36]} 38. Rf1
{[%clk 0:06:08]} Re2 1/2-1/2